Les 20 villes les plus peuplées de Val-d'Oise (95) - Statistiques

Statistiques générales
  • Ce quiz a été pris 134 fois
  • Le résultat moyen est 12 sur 20
Statistiques - réponses
HINT HINT ANSWER % Correct
107 135 A Argenteuil
95%
58 576 S Sarcelles
92%
69 578 C Cergy
91%
31 623 P Pontoise
81%
38 024 F Franconville
73%
42 388 G Garges-lès-Gonesse
71%
29 189 E Ermont
69%
26 959 G Gonesse
68%
30 952 G Goussainville
64%
27 065 T Taverny
63%
25 934 E Eaubonne
58%
26 772 S Sannois
58%
21 677 M Montmorency
52%
34 314 B Bezons
51%
31 818 H Herblay-sur-Seine
48%
29 238 V Villiers-le-Bel
45%
22 903 D Deuil-la-Barre
43%
25 614 S Saint-Ouen-l'Aumône
41%
22 390 M Montigny-lès-Cormeilles
39%
27 086 C Cormeilles-en-Parisis
37%
Aucun quiz correspondant
Distribution des résultats
% des personnes avec chaque résultat
Percentile par nombre de réponses
Votre historique - résultats
Vous n’avez pas pris ce quiz